[Event "15th LCC Super Rapid 2025"]
[Site "London ENG"]
[Date "2025.12.06"]
[Round "3.13"]
[White "Noy, Eyal"]
[Black "Ghasi, Ameet K"]
[Result "0-1"]
[WhiteTitle "FM"]
[BlackTitle "GM"]
[WhiteElo "2275"]
[BlackElo "2500"]
[WhiteFideId "2821117"]
[BlackFideId "409200"]
[EventDate "2025.12.06"]

1. d4 Nf6 2. c4 g6 3. Nc3 Bg7 4. e4 d6 5. h3 Nbd7 6. Be3 e5 7. d5 h5 8. Qd2 Nc5
9. Bd3 Nxd3+ 10. Qxd3 Nd7 11. Nge2 Nc5 12. Bxc5 dxc5 13. O-O-O Bd7 14. g3 h4 15.
g4 Qg5+ 16. Kb1 O-O 17. Ng1 a6 18. Nf3 Qf6 19. g5 Qd6 20. Nxh4 b5 21. Ng2 f5 22.
h4 b4 23. Ne2 fxe4 24. Qc2 Rxf2 25. Ne3 Raf8 26. Rde1 R8f4 27. Qc1 a5 28. Ka1 a4
29. Nd1 Rg2 30. Ne3 Rgf2 31. Nd1 a3 32. bxa3 e3 33. Nxe3 e4+ 34. Kb1 Qe5 35. Nc2
Ba4 36. Rh3 R4f3 37. Rxf3 exf3 38. Ned4 Bxc2+ 39. Nxc2 Re2 40. Rd1 Qc3 0-1

[Event "15th LCC Super Rapid 2025"]
[Site "London ENG"]
[Date "2025.12.06"]
[Round "3.14"]
[White "Yuffa, Daniil"]
[Black "Dishman, Stephen"]
[Result "1-0"]
[WhiteTitle "GM"]
[BlackTitle "FM"]
[WhiteElo "2618"]
[BlackElo "2239"]
[WhiteFideId "24131423"]
[BlackFideId "403024"]
[EventDate "2025.12.06"]

1. d4 d5 2. Bf4 Nf6 3. e3 e6 4. Nf3 c5 5. c3 Nc6 6. Nbd2 Nh5 7. Be5 f6 8. Bg3
cxd4 9. cxd4 g6 10. Rc1 Nxg3 11. hxg3 Bg7 12. Bd3 O-O 13. a3 e5 14. dxe5 fxe5
15. e4 d4 16. Bc4+ Kh8 17. b4 a6 18. Nb3 Qf6 19. Qd2 Nd8 20. Qg5 Qxg5 21. Nxg5
h5 22. Rc2 Bf6 23. Nf3 Kg7 24. Nc5 Re8 25. Bd5 Re7 26. Na4 Be6 27. Nb6 Rb8 28.
Ke2 Bxd5 29. Nxd5 Rd7 30. g4 hxg4 31. Rh7+ Kxh7 32. Nxf6+ Kg7 33. Nxd7 gxf3+ 34.
Kxf3 Ra8 35. Nxe5 Ne6 36. Nd3 Rf8+ 37. Kg4 g5 38. g3 Kf6 39. e5+ Ke7 40. a4 Rh8
41. Kf5 Rh1 42. Ke4 Ra1 43. a5 g4 44. Rd2 Rb1 45. Kf5 Nc7 46. Kxg4 Nd5 47. Kf5
Nxb4 48. Nxb4 Rxb4 49. f4 Rb5 50. Rxd4 Rxa5 51. g4 b5 52. g5 Ra1 53. e6 a5 54.
Rd7+ Ke8 55. Kf6 1-0

[Event "15th LCC Super Rapid 2025"]
[Site "London ENG"]
[Date "2025.12.06"]
[Round "3.15"]
[White "Stoyanov, Viktor"]
[Black "Gordon, Stephen J"]
[Result "1/2-1/2"]
[WhiteTitle "FM"]
[BlackTitle "GM"]
[WhiteElo "2239"]
[BlackElo "2465"]
[WhiteFideId "450308"]
[BlackFideId "411477"]
[EventDate "2025.12.06"]

1. c4 e5 2. Nc3 Bb4 3. Nd5 a5 4. Nf3 d6 5. a3 Bc5 6. d4 exd4 7. Nxd4 c6 8. Nc3
Nf6 9. Bg5 h6 10. Bh4 O-O 11. e3 Nbd7 12. Be2 Ne5 13. O-O Ng6 14. Bg3 Bb6 15.
Qc2 Qe7 16. Rad1 Rd8 17. h3 Bc7 18. Nf5 Qe6 19. Nd4 Qe7 20. Nf5 Qe6 21. Nd4 1/2-1/2

[Event "15th LCC Super Rapid 2025"]
[Site "London ENG"]
[Date "2025.12.06"]
[Round "3.16"]
[White "Zapolskis, Antanas"]
[Black "Shetty, Atulya"]
[Result "0-1"]
[WhiteTitle "IM"]
[BlackTitle "IM"]
[WhiteElo "2215"]
[BlackElo "2455"]
[WhiteFideId "12800210"]
[BlackFideId "2031213"]
[EventDate "2025.12.06"]

1. e4 e6 2. d4 d5 3. Nd2 c5 4. Ngf3 cxd4 5. exd5 Qxd5 6. Bc4 Qd6 7. O-O Nf6 8.
Nb3 Nc6 9. Nbxd4 Nxd4 10. Nxd4 Be7 11. c3 O-O 12. Qe2 Bd7 13. Re1 Qc7 14. Bg5
Rfe8 15. Bb3 a5 16. a4 Rad8 17. Rad1 Qb6 18. Nb5 Nd5 19. Bxe7 Nxe7 20. Rd6 Bc6
21. Red1 Rxd6 22. Rxd6 Ng6 23. Qd3 Qc5 24. Rd4 Qg5 25. g3 Ne5 26. Qd1 Nf3+ 27.
Kf1 Nxh2+ 28. Ke1 Nf3+ 29. Kf1 Bxb5+ 30. axb5 Nxd4 31. Qxd4 Qxb5+ 32. Bc4 Qxb2
33. Qd7 Rf8 34. Qd4 a4 0-1

[Event "15th LCC Super Rapid 2025"]
[Site "London ENG"]
[Date "2025.12.06"]
[Round "3.17"]
[White "Iniyan, Pa"]
[Black "Mirzoeva, Elmira"]
[Result "1-0"]
[WhiteTitle "GM"]
[BlackTitle "WGM"]
[WhiteElo "2601"]
[BlackElo "2298"]
[WhiteFideId "25002767"]
[BlackFideId "4127951"]
[EventDate "2025.12.06"]

1. d4 d6 2. Nf3 Nf6 3. c4 Nbd7 4. Nc3 e5 5. e4 Be7 6. Be2 O-O 7. O-O c6 8. Rb1
Qc7 9. b4 Re8 10. Bb2 Nf8 11. d5 cxd5 12. cxd5 Bd8 13. a4 Qe7 14. a5 Ng6 15. g3
Ng4 16. Bc1 f5 17. Ng5 Nf6 18. exf5 Bxf5 19. Bd3 Bxd3 20. Qxd3 Nf8 21. Nge4 N8d7
22. Bg5 Qf8 23. Bxf6 gxf6 24. g4 f5 25. gxf5 Qxf5 26. Qg3+ Qg6 27. Qxg6+ hxg6
28. Nxd6 Rf8 29. Nxb7 Be7 30. d6 Bg5 31. Ne4 Bf4 32. Nbc5 Rad8 33. Ne6 Kf7 34.
Nxd8+ Rxd8 35. Rb3 Rb8 36. Rd1 Ke6 37. b5 Kf5 38. f3 g5 39. h3 Rb7 40. Kg2 Rb8
41. Rdd3 Ke6 42. Rdc3 Rb7 43. Rc7 1-0

[Event "15th LCC Super Rapid 2025"]
[Site "London ENG"]
[Date "2025.12.06"]
[Round "3.18"]
[White "Sammed Jaykumar, Shete"]
[Black "Rozen, Eytan"]
[Result "1/2-1/2"]
[WhiteTitle "IM"]
[BlackTitle "IM"]
[WhiteElo "2377"]
[BlackElo "2515"]
[WhiteFideId "5073421"]
[BlackFideId "2816750"]
[EventDate "2025.12.06"]

1. e4 c6 2. Nf3 d5 3. Nc3 Bg4 4. h3 Bxf3 5. Qxf3 e6 6. d3 Nd7 7. g3 Bb4 8. Bd2
d4 9. Nb1 Qb6 10. b3 Ngf6 11. Bg2 h5 12. h4 O-O-O 13. a3 Bxd2+ 14. Nxd2 Ne5 15.
Qe2 Qc5 16. Ra2 Neg4 17. b4 Qe7 18. Nc4 Qc7 19. O-O Rhg8 20. f3 Qxg3 21. fxg4
Nxg4 22. Rf3 Qh2+ 23. Kf1 Qxh4 24. Rh3 Qg5 25. Ra1 b5 26. Na5 e5 27. Kg1 Rd6 28.
Rf1 Rf6 29. Nb3 Ne3 30. Rf2 g6 31. Rxf6 Qxf6 32. Rxe3 dxe3 33. Qxe3 Kb8 34. Qc5
h4 35. d4 Rc8 36. dxe5 Qg5 37. e6 Qg3 38. Qf2 Qxf2+ 39. Kxf2 fxe6 40. Nc5 Rd8
41. Ke2 g5 42. Bh3 e5 43. Ne6 Rg8 44. Kf3 Kb7 45. Kg4 a5 46. Nxg5 a4 47. Kxh4
Rd8 48. Nf3 Rd1 49. Nxe5 Ra1 50. c4 Rxa3 51. cxb5 cxb5 52. Be6 Re3 53. Kg5 a3
54. Bd5+ Kc7 55. Kf4 Re2 56. Nf3 a2 57. Bxa2 Rxa2 58. Nd4 Kb6 59. e5 Rd2 60. Ke4
Rd1 61. Kd5 Re1 62. e6 Re3 63. Kd6 Rd3 64. Kd5 Re3 65. Kd6 Rd3 1/2-1/2

[Event "15th LCC Super Rapid 2025"]
[Site "London ENG"]
[Date "2025.12.06"]
[Round "3.19"]
[White "Mikhalevski, Victor"]
[Black "Verbytski, Oleg"]
[Result "1-0"]
[WhiteTitle "GM"]
[WhiteElo "2504"]
[BlackElo "2092"]
[WhiteFideId "2801914"]
[BlackFideId "495506"]
[EventDate "2025.12.06"]

1. Nf3 Nf6 2. g3 d5 3. Bg2 e6 4. O-O Be7 5. c4 O-O 6. b3 d4 7. e3 c5 8. Ne5 Qc7
9. f4 Rd8 10. exd4 cxd4 11. Ba3 Bxa3 12. Nxa3 Nc6 13. Nb5 Qb6 14. Qf3 Bd7 15.
Nd6 d3+ 16. Qf2 Qxf2+ 17. Rxf2 Nxe5 18. fxe5 Bc6 19. Nxb7 Bxb7 20. Bxb7 Rab8 21.
exf6 Rxb7 22. Rc1 a5 23. Rc3 e5 24. Rf3 e4 25. Re3 Rd4 26. fxg7 Kxg7 27. g4 Kf6
28. Kf2 Kg5 29. Rg3 Kf4 30. c5 Rc7 31. a3 Rc6 32. g5 Ke5 33. Ke3 h6 34. h4 h5
35. Rg1 Rc8 36. Rf1 Rc7 37. Rf6 Kd5 38. Rd6+ 1-0

[Event "15th LCC Super Rapid 2025"]
[Site "London ENG"]
[Date "2025.12.06"]
[Round "3.20"]
[White "Pranav, Anand"]
[Black "Eggink, Mateusz"]
[Result "1-0"]
[WhiteTitle "GM"]
[WhiteElo "2581"]
[BlackElo "2119"]
[WhiteFideId "46626786"]
[BlackFideId "1135490"]
[EventDate "2025.12.06"]

1. d4 e6 2. c4 d5 3. Nc3 Nf6 4. cxd5 exd5 5. Bg5 c6 6. e3 h6 7. Bh4 Be7 8. Bd3
Be6 9. h3 Nbd7 10. Bg3 Rc8 11. Nf3 Qb6 12. a3 c5 13. dxc5 Nxc5 14. Bb5+ Kf8 15.
Be5 Nce4 16. Bd3 Bd6 17. Bd4 Bc5 18. Na4 Qd6 19. Nxc5 Nxc5 20. Be2 Nfe4 21. O-O
f6 22. Nh4 Bf7 23. Rc1 Rc7 24. Bh5 Ne6 25. Bxf7 Rxc1 26. Ng6+ Kxf7 27. Nxh8+ Kg8
28. Qxc1 Kxh8 29. Qc8+ 1-0

[Event "15th LCC Super Rapid 2025"]
[Site "London ENG"]
[Date "2025.12.06"]
[Round "3.21"]
[White "Fernandez, Michael"]
[Black "Aizenberg, Benny"]
[Result "0-1"]
[WhiteTitle "FM"]
[BlackTitle "IM"]
[WhiteElo "2243"]
[BlackElo "2444"]
[WhiteFideId "5803560"]
[BlackFideId "2821125"]
[EventDate "2025.12.06"]

1. e4 c5 2. Nf3 d6 3. Bb5+ Nd7 4. O-O a6 5. Bd3 Ngf6 6. Re1 e6 7. c3 b5 8. a4
Bb7 9. Bc2 c4 10. d4 cxd3 11. Bxd3 bxa4 12. Bc2 Be7 13. Bf4 Nc5 14. Bxa4+ Nxa4
15. Qxa4+ Qd7 16. Qxd7+ Nxd7 17. Nbd2 Nc5 18. Re3 e5 19. Bg5 f6 20. Bh4 h5 21.
Bg3 Kf7 22. h3 a5 23. Ne1 h4 24. Bh2 d5 25. exd5 Bxd5 26. Nd3 Rhd8 27. Nxc5 Bxc5
28. Re2 a4 29. Nf1 Bb3 30. g3 Rh8 31. Nd2 Bd5 32. Ne4 Be7 33. g4 Rhb8 34. f4
Bxe4 35. Rxe4 Rxb2 36. Rexa4 Rd8 37. R4a2 Bc5+ 38. Kh1 Rxa2 39. Rxa2 e4 40. Re2
e3 41. Kg2 f5 42. gxf5 Kf6 43. Bg1 Rd3 44. Kf3 Kxf5 45. c4 Rc3 46. Bxe3 Bd6 47.
Ra2 Bxf4 48. Ra5+ Be5 49. Rc5 g6 50. Ra5 Rxc4 51. Bf2 g5 52. Ra8 Rc3+ 53. Kg2
Rb3 54. Rg8 Kf4 55. Rf8+ Ke4 56. Rg8 Bf6 57. Rf8 Bb2 58. Rg8 Kf5 59. Rf8+ Kg6
60. Rg8+ Kh6 0-1

[Event "15th LCC Super Rapid 2025"]
[Site "London ENG"]
[Date "2025.12.06"]
[Round "3.22"]
[White "Banerjee, Supratit"]
[Black "Tulchynskyi, Feliks"]
[Result "0-1"]
[WhiteTitle "FM"]
[BlackTitle "IM"]
[WhiteElo "2323"]
[BlackElo "2409"]
[WhiteFideId "2410079"]
[BlackFideId "34127895"]
[EventDate "2025.12.06"]

1. e4 e5 2. Nf3 Nc6 3. Bb5 a6 4. Ba4 Nf6 5. O-O Be7 6. Re1 b5 7. Bb3 O-O 8. h3
Bb7 9. d3 d5 10. exd5 Nxd5 11. Nxe5 Nxe5 12. Rxe5 Qd6 13. Re1 Rae8 14. Nd2 c5
15. Ne4 Qc6 16. c4 Nb6 17. f3 Bh4 18. cxb5 axb5 19. Re2 Kh8 20. Be3 f5 21. Nf2
c4 22. dxc4 bxc4 23. Bxb6 cxb3 24. Bd4 Rxe2 25. Qxe2 bxa2 26. b3 Ra8 27. Qb2 Kg8
28. Nd3 Qd6 29. Ne5 Rd8 30. Bc3 Bg3 31. Qe2 Qc5+ 0-1

[Event "15th LCC Super Rapid 2025"]
[Site "London ENG"]
[Date "2025.12.06"]
[Round "3.23"]
[White "Hobson, Kenneth"]
[Black "Bazakutsa, Svyatoslav"]
[Result "0-1"]
[WhiteTitle "FM"]
[BlackTitle "IM"]
[WhiteElo "2307"]
[BlackElo "2478"]
[WhiteFideId "480819"]
[BlackFideId "14198525"]
[EventDate "2025.12.06"]

1. e4 c5 2. Nf3 Nc6 3. Bb5 d6 4. O-O Bd7 5. c3 Nf6 6. Re1 a6 7. Bxc6 Bxc6 8. d4
Bxe4 9. Bg5 Bc6 10. c4 cxd4 11. Nxd4 e6 12. Nf5 Qa5 13. Bxf6 Qxf5 14. Bh4 Qf4
15. Bg3 Qxc4 16. Nc3 Be7 17. Rc1 O-O 18. Ne4 Qxa2 19. Nxd6 Rfd8 20. Rc5 Rd7 21.
Re3 Bxd6 22. Bxd6 Rxd6 23. Qc1 Rad8 24. Re1 Qa4 25. Rg5 g6 0-1

[Event "15th LCC Super Rapid 2025"]
[Site "London ENG"]
[Date "2025.12.06"]
[Round "3.24"]
[White "Gasanov, Eldar"]
[Black "Vaidyanathan, Adithya"]
[Result "0-1"]
[WhiteTitle "GM"]
[WhiteElo "2447"]
[BlackElo "2129"]
[WhiteFideId "14104466"]
[BlackFideId "495450"]
[EventDate "2025.12.06"]

1. Nf3 c5 2. b3 Nc6 3. Bb2 d6 4. c4 e5 5. Nc3 g6 6. g3 Bg7 7. Bg2 Nge7 8. O-O
O-O 9. d3 f5 10. e3 h6 11. Rc1 a6 12. a3 Rb8 13. b4 cxb4 14. axb4 Nxb4 15. Ba3
Nbc6 16. d4 e4 17. Nd2 b5 18. cxb5 axb5 19. Qb3+ Kh7 20. Na2 Rf6 21. Nb4 Be6 22.
Nxc6 Nxc6 23. d5 Na5 24. Qa2 Bd7 25. Rfd1 b4 26. Bb2 Rf7 27. Bxg7 Rxg7 28. Ra1
Nb7 29. Nb3 Qb6 30. Rdc1 Bb5 31. Nd4 Nc5 32. Rcb1 b3 33. Qd2 Bc4 34. Qc3 Bxd5
35. Bf1 Rc7 36. Nb5 Rd7 37. Qf6 Nd3 38. Nd4 Rf7 39. Qh4 Ne5 40. Ra6 Qxd4 41.
exd4 Nf3+ 42. Kh1 Nxh4 43. Rxd6 Ba8 44. gxh4 b2 45. Bc4 Rc7 46. Ba2 e3+ 47. d5
Rc1+ 48. Kg2 Rxb1 49. Bxb1 e2 50. Rd7+ Kh8 51. Re7 Bxd5+ 52. f3 Be4 0-1

[Event "15th LCC Super Rapid 2025"]
[Site "London ENG"]
[Date "2025.12.06"]
[Round "3.25"]
[White "Gurevich, Artjom"]
[Black "Royal, Shreyas"]
[Result "1-0"]
[BlackTitle "GM"]
[WhiteElo "2163"]
[BlackElo "2495"]
[WhiteFideId "2603870"]
[BlackFideId "448869"]
[EventDate "2025.12.06"]

1. d4 Nf6 2. c4 e6 3. g3 d5 4. Nf3 Be7 5. Bg2 O-O 6. Nc3 c6 7. O-O Nbd7 8. Qd3
b6 9. e4 Ba6 10. b3 dxc4 11. bxc4 e5 12. d5 cxd5 13. exd5 Nc5 14. Qe2 Nxd5 15.
Nxd5 Qxd5 16. Nxe5 Qe6 17. Bxa8 Rxa8 18. Re1 Bf6 19. Bb2 Bb7 20. Rad1 Qf5 21.
Ng4 h5 22. Nxf6+ gxf6 23. Rd5 Bxd5 24. cxd5 Rd8 25. Qe7 Rd7 26. Qxf6 Qxf6 27.
Bxf6 Rxd5 28. Re5 Rxe5 29. Bxe5 Kf8 30. Bd6+ Ke8 31. Bxc5 bxc5 32. Kf1 Ke7 33.
Ke2 Ke6 34. Kd3 Kd5 35. f3 f6 36. h3 a6 37. a3 c4+ 38. Kc3 Kc5 39. g4 h4 40. a4
Kd5 41. a5 Ke5 42. Kxc4 Kf4 43. Kc5 Kg3 44. f4 Kxh3 45. g5 Kg2 46. g6 h3 47. g7
h2 48. g8=Q+ Kf2 49. Qh7 Kg2 50. Qg6+ Kf2 51. Qh5 Kg1 52. Qg4+ Kf2 53. Qh3 Kg1
54. Qg3+ Kh1 55. Qf2 f5 56. Qf1# 1-0

[Event "15th LCC Super Rapid 2025"]
[Site "London ENG"]
[Date "2025.12.06"]
[Round "3.26"]
[White "Roebers, Eline"]
[Black "Josse, Mark"]
[Result "1-0"]
[WhiteTitle "IM"]
[BlackTitle "CM"]
[WhiteElo "2392"]
[BlackElo "2107"]
[WhiteFideId "1058401"]
[BlackFideId "414476"]
[EventDate "2025.12.06"]

1. e4 c5 2. Nf3 e6 3. d4 cxd4 4. Nxd4 a6 5. a3 Nf6 6. Nc3 b5 7. e5 Nd5 8. Nxd5
exd5 9. Qf3 Bb7 10. Bf4 g6 11. h4 h5 12. O-O-O Bg7 13. g4 Nc6 14. Bh3 Qb6 15.
Qe3 Na5 16. gxh5 Nc4 17. Qg3 Rxh5 18. Nf5 Bf8 19. Nd6+ Nxd6 20. exd6 O-O-O 21.
Bg4 Rh7 22. Rhe1 Bh6 23. Bg5 f5 24. Bf3 f4 25. Qxf4 Rf8 26. Qxf8+ Bxf8 27. Re8+
Qd8 28. Rxd8# 1-0

[Event "15th LCC Super Rapid 2025"]
[Site "London ENG"]
[Date "2025.12.06"]
[Round "3.27"]
[White "Bulmaga, Irina"]
[Black "Lucchi, Lorenzo"]
[Result "1-0"]
[WhiteTitle "IM"]
[WhiteElo "2386"]
[BlackElo "2006"]
[WhiteFideId "13903063"]
[BlackFideId "821160"]
[EventDate "2025.12.06"]

1. e4 d5 2. exd5 Nf6 3. d4 Nxd5 4. Nf3 Bf5 5. c3 e6 6. Bd3 Bxd3 7. Qxd3 Nd7 8.
O-O Be7 9. c4 Nb4 10. Qe2 O-O 11. a3 Nc6 12. b4 Nb6 13. Be3 e5 14. dxe5 Re8 15.
b5 Na5 16. Nbd2 Na4 17. Rfc1 Nc5 18. Rd1 Qc8 19. Bxc5 Bxc5 20. Ne4 Bf8 21. Ra2
Qe6 22. c5 Rad8 23. Rad2 Rxd2 24. Rxd2 h6 25. h4 Nc4 26. Neg5 hxg5 27. Nxg5 Qf5
28. Qxc4 Rxe5 29. Rd8 Re1+ 30. Kh2 Qxf2 31. Nf3 Re3 32. Rd2 Rxf3 33. Rxf2 Rxf2
34. a4 Rf5 35. c6 Rc5 36. Qe4 bxc6 37. bxc6 Bd6+ 38. Kg1 Re5 39. Qg4 f5 40. Qc4+
Kh7 41. Kf2 Bc5+ 42. Kf1 Bd6 43. Qf7 f4 44. h5 Rg5 45. Kf2 Kh6 46. Kf3 Rg3+ 47.
Kf2 Rg5 48. Kf3 Rxh5 49. Qe6+ g6 50. Qg8 Re5 51. Qh8+ Kg5 52. Qd8+ Re7 53. a5
Kf5 54. Qc8+ Kf6 55. Qh8+ Ke6 56. Qg8+ Kf6 57. Qd8 Kg7 58. Qc8 Re3+ 59. Kf2 Ra3
60. Qa6 Bc5+ 61. Ke2 Bb6 62. Qc4 Rxa5 63. Qxf4 Ra2+ 64. Kd3 Ra3+ 65. Ke2 Ra2+
66. Kd3 Rxg2 67. Qe5+ Kh6 68. Qh8+ Kg5 69. Qe5+ Kg4 70. Qe4+ Kh3 71. Qe6+ Kh2
72. Qe5+ Rg3+ 73. Ke2 a5 74. Kf1 Kh3 75. Qe6+ Kh4 76. Qf6+ Rg5 77. Ke2 Kh5 78.
Qf3+ 1-0

[Event "15th LCC Super Rapid 2025"]
[Site "London ENG"]
[Date "2025.12.06"]
[Round "3.28"]
[White "Stefanova, Antoaneta"]
[Black "Dasgupta, Avyukt"]
[Result "1-0"]
[WhiteTitle "GM"]
[BlackTitle "CM"]
[WhiteElo "2391"]
[BlackElo "2145"]
[WhiteFideId "2902257"]
[BlackFideId "480630"]
[EventDate "2025.12.06"]

1. d4 d5 2. Nf3 Nf6 3. e3 Bg4 4. h3 Bxf3 5. Qxf3 e6 6. Qe2 Qd7 7. Nd2 c5 8. c3
Nc6 9. g3 Bd6 10. Bg2 a6 11. O-O O-O 12. dxc5 Bxc5 13. e4 e5 14. exd5 Ne7 15.
Rd1 Ng6 16. Nc4 b5 17. Be3 Bxe3 18. Nxe3 Rac8 19. a4 Ne8 20. axb5 axb5 21. d6
Rb8 22. Ra6 f5 23. Bc6 Qd8 24. Bxb5 f4 25. Ng4 fxg3 26. fxg3 Rb6 27. Bxe8 Rxe8
28. d7 Rf8 29. Rxb6 Qxb6+ 30. Qe3 Qc7 31. Qe4 Rd8 32. Qd5+ Kh8 33. Qe6 Qc5+ 34.
Kh1 Qf8 35. Kg2 Rb8 36. b4 Ra8 37. b5 h5 38. Nf2 Kh7 39. Rd2 h4 40. Ne4 hxg3 41.
Ng5+ Kh6 42. Nf7+ Kh7 43. Qf5 e4 44. d8=Q Rxd8 45. Rxd8 Qxf7 46. Qxf7 e3 47. Re8
Kh6 48. Kxg3 Kg5 49. h4+ Kh6 50. Re6 1-0

[Event "15th LCC Super Rapid 2025"]
[Site "London ENG"]
[Date "2025.12.06"]
[Round "3.29"]
[White "Balaji, Aaravamudhan"]
[Black "Kapechun, Mikhailo"]
[Result "1-0"]
[WhiteTitle "IM"]
[WhiteElo "2305"]
[BlackElo "2174"]
[WhiteFideId "436224"]
[BlackFideId "34147527"]
[EventDate "2025.12.06"]

1. Nf3 c5 2. b3 Nc6 3. Bb2 Nf6 4. e3 g6 5. Be2 Bg7 6. O-O O-O 7. d4 cxd4 8. Nxd4
Nxd4 9. Bxd4 d5 10. Nd2 b6 11. c4 Bb7 12. Bf3 Qd7 13. Qe2 Rac8 14. Rfd1 dxc4 15.
Bxb7 Qxb7 16. Nxc4 Rfd8 17. a4 Qe4 18. h3 Rd7 19. Rd2 Rcd8 20. Rad1 Nd5 21. Bxg7
Kxg7 22. Rd4 Nf4 23. Qf1 Rxd4 24. exd4 Rxd4 25. Re1 Qc2 26. Rxe7 Qxb3 27. Ne3
Rxa4 28. Kh2 Nd5 29. Re5 Nxe3 30. Rxe3 Qc4 31. Qe1 Qf4+ 32. g3 Qd4 33. Re7 Ra2
34. Kg2 Ra1 35. Qe6 Qf6 36. Qxf6+ Kxf6 37. Rb7 Ra5 38. g4 h6 39. h4 b5 40. f4 a6
41. Rb6+ Kg7 42. h5 gxh5 43. gxh5 Ra3 44. f5 Ra2+ 45. Kg3 Ra3+ 46. Kg2 Ra2+ 47.
Kg3 Ra3+ 48. Kg2 f6 49. Rb7+ Kg8 50. Rb6 Kf7 51. Rb7+ Kf8 52. Rh7 Ra2+ 53. Kg3
Ra3+ 54. Kg2 Rd3 55. Rxh6 Rd6 56. Rg6 Kf7 57. h6 Rd2+ 58. Kg3 Rd3+ 59. Kg4 Rd4+
60. Kh5 Rd1 61. Rg7+ Kf8 62. Kg6 Rh1 63. h7 b4 64. Rg8+ Ke7 65. h8=Q Rxh8 66.
Rxh8 1-0

[Event "15th LCC Super Rapid 2025"]
[Site "London ENG"]
[Date "2025.12.06"]
[Round "3.30"]
[White "Camacho Collados, Jose"]
[Black "Southcott-Moyers, Indy"]
[Result "0-1"]
[WhiteTitle "IM"]
[BlackTitle "FM"]
[WhiteElo "2364"]
[BlackElo "2272"]
[WhiteFideId "2265427"]
[BlackFideId "488542"]
[EventDate "2025.12.06"]

1. Nf3 d5 2. c4 e6 3. g3 Nf6 4. Bg2 Nc6 5. O-O Bd6 6. b3 O-O 7. Bb2 d4 8. d3 e5
9. Nbd2 h6 10. a3 a5 11. Qc2 Bc5 12. Ne4 Nxe4 13. dxe4 Be6 14. Ne1 Qd7 15. Nd3
Be7 16. Rad1 Qc8 17. f4 exf4 18. Nxf4 Bc5 19. Kh1 Rd8 20. Nd5 Rd7 21. e3 Bg4 22.
Rd2 dxe3 23. Qc3 Bf8 24. Qxe3 Qd8 25. Rdf2 Qg5 26. Qc3 Re8 27. Rf4 Be6 28. h4
Qg6 29. Rf6 Qg4 30. R6f4 Qg6 31. Ne3 Bc5 32. Nf5 Bd4 33. Nxd4 Nxd4 34. Qe3 c5
35. Kh2 Red8 36. e5 Nf5 37. Rxf5 Bxf5 38. Bd5 Rxd5 39. cxd5 Rxd5 40. Qf4 Be6 41.
Bc3 b6 42. b4 Qc2+ 43. Rf2 Qxc3 44. bxa5 bxa5 45. Qa4 Rd2 46. Qf4 Rxf2+ 47. Qxf2
Qb3 48. Qxc5 Qa2+ 49. Kg1 Qb1+ 50. Kf2 Qf5+ 51. Ke3 Qg4 52. Kf2 a4 53. Qa5 Kh7
54. Qc3 Qe4 55. Kg1 Bd5 56. Kf2 Qg2+ 57. Ke1 Qf3 58. Qc2+ Qe4+ 59. Qxe4+ Bxe4
60. Kd2 Kg6 61. Ke3 Kf5 62. Kd4 Bc2 63. h5 Kg4 0-1

[Event "15th LCC Super Rapid 2025"]
[Site "London ENG"]
[Date "2025.12.06"]
[Round "3.31"]
[White "Richardson, John R"]
[Black "Tayar, Jonathan"]
[Result "1/2-1/2"]
[WhiteTitle "FM"]
[BlackTitle "IM"]
[WhiteElo "2224"]
[BlackElo "2325"]
[WhiteFideId "401617"]
[BlackFideId "2606534"]
[EventDate "2025.12.06"]

1. e4 c5 2. Nf3 d6 3. Bb5+ Bd7 4. Bxd7+ Qxd7 5. d4 cxd4 6. Qxd4 Nc6 7. Qe3 g6 8.
O-O Nf6 9. c4 Bg7 10. Nc3 Rc8 11. Rd1 Ng4 12. Qe1 Nce5 13. Nxe5 Nxe5 14. b3 b5
15. f4 Nxc4 16. bxc4 b4 17. Bb2 bxc3 18. Bxc3 O-O 19. Bxg7 Kxg7 20. Qc3+ Kg8 21.
Rac1 Qe6 22. Qd4 Rc5 23. e5 Rfc8 24. exd6 exd6 25. h3 Rxc4 26. Rxc4 Rxc4 27.
Qxa7 Rc2 28. Qb8+ Kg7 29. Qxd6 Qxd6 30. Rxd6 Rxa2 31. Kh2 h5 32. h4 Rf2 33. Kg3
Rf1 34. Ra6 Rc1 35. Rb6 Rc4 36. Ra6 Rc3+ 37. Kh2 Kf8 38. Ra7 Re3 39. Rb7 Ke8 40.
Ra7 Rc3 41. Rb7 Kf8 42. Ra7 Rc6 43. Ra5 Kg7 44. f5 Rc4 45. Kh3 Rf4 46. fxg6 fxg6
47. Rb5 Kf6 48. Rb6+ Kg7 49. Ra6 Rf1 50. Rb6 Rh1+ 51. Kg3 Ra1 52. Rb7+ Kf6 53.
Rb6+ Kf5 54. Rb5+ Kf6 55. Rb6+ Kg7 56. Rb7+ Kh6 57. Rb6 Ra3+ 58. Kh2 Rd3 59. Ra6
Rd4 60. Kh3 Rg4 61. Rb6 1/2-1/2

[Event "15th LCC Super Rapid 2025"]
[Site "London ENG"]
[Date "2025.12.06"]
[Round "3.32"]
[White "Haydon, David L"]
[Black "Murawski, Jan"]
[Result "1-0"]
[WhiteTitle "FM"]
[BlackTitle "CM"]
[WhiteElo "2284"]
[BlackElo "2225"]
[WhiteFideId "415405"]
[BlackFideId "21009287"]
[EventDate "2025.12.06"]

1. c4 e6 2. Nf3 Nf6 3. e3 d5 4. Nc3 Be7 5. d4 O-O 6. Qc2 b6 7. cxd5 exd5 8. Bd3
Bb7 9. Bd2 Nbd7 10. O-O c5 11. Rad1 Rc8 12. Bf5 g6 13. Bh3 Qc7 14. Bc1 Rcd8 15.
Rfe1 Qb8 16. b3 Ne4 17. Bb2 Ndf6 18. dxc5 bxc5 19. Nxe4 Nxe4 20. Ne5 Bf6 21. Nd7
Rxd7 22. Bxd7 Qd6 23. Bg4 h5 24. Bf3 Ng5 25. Bxd5 Bxd5 26. Bxf6 Qxf6 27. Rxd5 h4
28. Qxc5 Ne4 29. Qc2 Ng5 30. h3 Re8 31. Red1 Ne4 32. R5d4 Ng5 33. Rf4 Qe7 34.
Qc6 Ne6 35. Rd7 Qg5 36. Rdxf7 Qd8 37. Rd7 Qg5 38. Rd6 Nxf4 39. Qxe8+ Kg7 40.
Rd7+ Kf6 41. Rf7# 1-0

[Event "15th LCC Super Rapid 2025"]
[Site "London ENG"]
[Date "2025.12.06"]
[Round "3.33"]
[White "Walker, Samuel A"]
[Black "Czopor, Maciej"]
[Result "1/2-1/2"]
[BlackTitle "IM"]
[WhiteElo "2047"]
[BlackElo "2463"]
[WhiteFideId "412813"]
[BlackFideId "21805431"]
[EventDate "2025.12.06"]

1. Nf3 Nf6 2. g3 g6 3. Bg2 Bg7 4. O-O O-O 5. c4 d6 6. Nc3 e5 7. d3 a5 8. Rb1 Nc6
9. a3 Nd4 10. e3 Ne6 11. b4 axb4 12. axb4 Nd7 13. Qb3 c6 14. b5 Ndc5 15. Qc2 d5
16. bxc6 bxc6 17. cxd5 cxd5 18. d4 exd4 19. exd4 Nxd4 20. Nxd4 Bxd4 21. Bh6 Bf5
22. Qd2 Bg7 23. Bxg7 Kxg7 24. Qd4+ Qf6 25. Qxf6+ Kxf6 26. Nxd5+ Kg7 27. Rb2 Ra5
28. Ne3 Be6 29. h4 Rd8 30. Rc2 Rd4 31. Re1 Nd3 32. Rb1 Ne5 33. Rbc1 Ra3 34. Rc3
Ra2 35. R3c2 Rd2 36. Rxd2 Rxd2 37. Rc2 Rd4 38. Rb2 h6 39. Rc2 f5 40. Rc5 Kf6 41.
Nd5+ Bxd5 42. Rxd5 Rxd5 43. Bxd5 Nd3 44. f4 g5 45. hxg5+ hxg5 46. fxg5+ Kxg5 47.
Be6 f4 48. gxf4+ Nxf4 1/2-1/2